| 000 | 01146nam0a2200289 4500 | ||
|---|---|---|---|
| 001 | RU\NLR\bibl\490805 | ||
| 005 | 20250623195143.0 | ||
| 010 |
_a5-85669-028-1 _95000 |
||
| 021 |
_aRU _b2004-1128 _962 |
||
| 035 | _a(NLR Aleph) 000483480 | ||
| 090 |
_a1068500 _c1068500 |
||
| 100 | _a20040213d2003 |||y0rusy50 ca | ||
| 101 | 0 | _arus | |
| 102 | _aRU | ||
| 105 | _aac ||||||||| | ||
| 200 | 1 |
_aМир держится на труде, взаимопомощи и правде _eСергей Левченко _fАвт.-сост. В.Н. Хайрюзов |
|
| 210 |
_aИркутск _cПапирус _d2003 |
||
| 215 |
_a140, [3] с., [16] л. ил., цв. ил., портр. _cил. _d21 |
||
| 600 | 1 |
_aЛевченко _bС.Г. _f1953 _gСергей Георгиевич _jВоспоминания, записки и т.п. _92320005 _3RU\NLR\auth\661387994 |
|
| 600 | 1 |
_aЛевченко _bС. Г. _gСергей Георгиевич _2psbo |
|
| 686 | _aФ61(2)274,013 | ||
| 702 | 1 |
_aХайрюзов _bВ. Н. _gВалерий Н. _4220 |
|
| 801 | 0 |
_aRU _bNLR _c20040213 _gPSBO |
|
| 801 | 1 |
_aRU _bNLR _c20040213 |
|
| 942 | _cBOOK | ||
| 980 | _aNB | ||